| 000 | 00717nam a2200133Ia 4500 | ||
|---|---|---|---|
| 008 | 171212s9999 xx 000 0 und d | ||
| 020 | _a9780833078070 | ||
| 100 | _aMcGarvey, Ronald G.;Bigelow, James H.;Briggs, Gary James;Buryk, Peter;Conley, Raymond E. | ||
| 245 |
_cMcGarvey, Ronald G.;Bigelow, James H.;Briggs, Gary James;Buryk, Peter;Conley, Raymond E. _aAssessment of Beddown Alternatives for the F-35 |
||
| 260 |
_bRAND Corporation _c2013 |
||
| 650 | _aF-35 (Jet fighter plane) -- Cost control; United States. Air Force -- Reorganization; United States. Air Force -- Appropriations and expenditures | ||
| 650 | _aManagement & Organizational Behavior | ||
| 856 | _uhttp://www.jstor.org/stable/10.7249/j.ctt5hhvvt | ||
| 999 |
_c351775 _d351775 |
||